Universitarios el problema no es el lucro, es el mercado

Gespeichert in:
Bibliographische Detailangaben
1. Verfasser: Meller Bock, Patricio (autor)
Format: Buch
Sprache:Englisch
Veröffentlicht: Santiago, Chile: Corporación de Estudios para Latinoamérica (CEPLAN); Uqbar Editores, 2011.
Ausgabe:Segunda edición.
Schlagworte:
Tags: Tag hinzufügen
Keine Tags, Fügen Sie den ersten Tag hinzu!

MARC

LEADER 00000nam a22000007a 4500
003 CL-VaPUC
005 20220909115355.0
008 220817t2011 ||||| |||| 00| 0 eng d
999 |c 438355  |d 438353 
020 |a 978-956-8601-94-2 
040 |c Pontificia Universidad Católica de Valparaíso 
082 |2 22  |a 378.983 MEL 2011 
100 |9 603136  |a Meller Bock, Patricio  |e autor 
245 |a Universitarios el problema no es el lucro, es el mercado 
250 |a Segunda edición.  
260 |a Santiago, Chile:   |b Corporación de Estudios para Latinoamérica (CEPLAN);   |b Uqbar Editores,   |c 2011. 
300 |a 146 páginas.  
500 |a c.1 Donación Sr. Rector Nelson Vásquez Lara, julio 2022. 
583 |c 20220817  |k Yessy Sthefany Diaz Vidal 
650 0 |9 223851  |a Educación superior   |x Aspectos económicos   |z Chile  
650 0 |9 256317  |a Universidades  |x Aspectos económicos   |z Chile  
650 0 |9 258661  |a Educación  |x Igualdad de oportunidades   |z Chile  
942 |2 ddc  |c BK 
952 |0 0  |1 0  |2 ddc  |4 0  |6 378_983000000000000_MEL_2011  |7 0  |8 A  |9 586271  |a BIBHIS  |b BIBHIS  |c GEN  |d 2022-08-17  |e Donación   |i 5654143  |l 1  |m 2  |o 378.983 MEL 2011  |p 5654143  |r 2025-01-20  |s 2024-04-24  |t 1  |w 2022-08-17  |y BK  |k HIS